Getting in early (Record no. 69472)
[ view plain ]
| 000 -LEADER | |
|---|---|
| fixed length control field | 01418cam a2200253 4500 |
| 001 - CONTROL NUMBER | |
| control field | ABS65021 |
| 008 - FIXED-LENGTH DATA ELEMENTS--GENERAL INFORMATION | |
| fixed length control field | 020208n2002 000 0 eng u |
| 035 ## - SYSTEM CONTROL NUMBER | |
| System control number | (Sirsi) u116656 |
| 100 ## - MAIN ENTRY--PERSONAL NAME | |
| Personal name | Bingham, T |
| 245 ## - TITLE STATEMENT | |
| Title | Getting in early |
| 260 ## - PUBLICATION, DISTRIBUTION, ETC. | |
| Date of publication, distribution, etc. | 2002 |
| 490 ## - SERIES STATEMENT | |
| Series statement | Building |
| Volume/sequential designation | 267(8216) 11 January 2002, 62-63(2) |
| 520 ## - SUMMARY, ETC. | |
| Summary, etc. | Discusses the new best practice guide into disputes over delay issued by the Society of Construction Law. The main aim of the protocol is to guide ordinary management into sorting out disputes caused by delay and disruption, explaining how a transparent and unified approach to programming through proper recording and identifying the consequences of the delay and disruption as normal management. Considers that the protocol is good in its explanation of terms used but disagrees with its approach to the global claim that these should be linked to resultant loss. Considers that global claims need more detailed analysis. The protocol can be downloaded for free from www.eotprotocol.com. |
| 590 ## - LOCAL NOTE (RLIN) | |
| Local note | ABS |
| 650 ## - SUBJECT ADDED ENTRY--TOPICAL TERM | |
| Topical term or geographic name entry element | PROTOCOLS |
| 650 ## - SUBJECT ADDED ENTRY--TOPICAL TERM | |
| Topical term or geographic name entry element | DELAYS |
| 650 ## - SUBJECT ADDED ENTRY--TOPICAL TERM | |
| Topical term or geographic name entry element | GLOBAL CLAIMS |
| 650 ## - SUBJECT ADDED ENTRY--TOPICAL TERM | |
| Topical term or geographic name entry element | MANAGEMENT |
| 650 ## - SUBJECT ADDED ENTRY--TOPICAL TERM | |
| Topical term or geographic name entry element | CRITICAL PATH ANALYSIS |
| 650 ## - SUBJECT ADDED ENTRY--TOPICAL TERM | |
| Topical term or geographic name entry element | SOCIETY OF CONSTRUCTION LAW DELAY AND DISRUPTION PROTOCOL |
| 690 ## - LOCAL SUBJECT ADDED ENTRY--TOPICAL TERM (OCLC, RLIN) | |
| Topical term or geographic name as entry element | Dispute resolution |
| 9 (RLIN) | 6236 |
| 856 ## - ELECTRONIC LOCATION AND ACCESS | |
| Uniform Resource Identifier | <a href="https://www.eotprotocol.com">https://www.eotprotocol.com</a> |
| Public note | View the proctocol on the Society of Construction Law website... |
| 942 ## - ADDED ENTRY ELEMENTS (KOHA) | |
| Suppress in OPAC | 0 |
| Withdrawn status | Lost status | Source of classification or shelving scheme | Damaged status | Not for loan | Home library | Current library | Shelving location | Date acquired | Total Checkouts | Full call number | Barcode | Date last seen | Copy number | Price effective from | Koha item type |
|---|---|---|---|---|---|---|---|---|---|---|---|---|---|---|---|
| Dewey Decimal Classification | London | London | Journal article | 08/02/2002 | ABS65021 | 116656-1001 | 06/08/2019 | 1 | 06/08/2019 | Journal article |